000 00730nam a2200253Ia 4500
003 OSt
005 20220924130948.0
006 a|||||r|||| 00| 0
007 ta
008 220923b |||||||| |||| 00| 0 hin d
024 _a26215
037 _cTextual
040 _aARTS
_cARTS
_bhin
041 _2hin
_ahin
082 _aQ122:24, 152L9;N5 (P15)
100 _aSankara comm
_973477
245 0 _aKathopanisad ed with Hindi and English tr by Ramrang Sharma and Malati Sharma
250 _a2nd
260 _aVaranasi
_bBharatiya Vidya Park
_c1995
300 _aix,164p.
_ccm.
650 _aRELIGION
942 _hQ122:24, 152L9;N5 (P15)
_cTEXL
_2CC
999 _c425778
_d425778